000 00335nam a2200121Ia 4500
008 240731s9999 xx 000 0 und d
022 _a1744-8999
245 0 _aBridge Structures : Assessment, Design and Construction
260 _bTaylor & Francis
856 _uhttps://www.tandfonline.com/loi/nbst20
942 _2ddc
942 _cTFEJ
999 _c75665
_d75665
945 _a1
_bMadushi Gamage
_c1
_dMadushi Gamage